| 000 | 01087cad a22002055a 4500 | ||
|---|---|---|---|
| 001 | L155708 | ||
| 008 | 120404s2012 xxk 000 0 eng d | ||
| 035 | _a(Sirsi) u155708 | ||
| 041 | 0 | _aeng | |
| 110 | 2 | _aIPD | |
| 245 | 0 | 0 |
_aIPD Pan-European property funds index _bopen ended cross border funds - RICS valuations |
| 260 |
_aLondon _bIPD $2 012 |
||
| 490 | 0 |
_aIPD Pan-European Property Funds Index _vresults for the quarter to 31 December 2011 |
|
| 520 | _aThe IPD Pan-European Property Funds Index tracks the latest quarterly performance of pan-European open ended funds with a RICS valuation methodology. This new consultative index aims to report investor returns available from the pan-European property funds market place. It measures net asset value total returns from one valuation to the next. Q4 2011 returned 0.9%. | ||
| 590 | _aKA | ||
| 651 | 4 | _aEurope | |
| 690 |
_aCommercial property _96227 |
||
| 856 | 4 | 0 |
_uhttps://www1.ipd.com/Pages/DNNPage.aspx?DestUrl=http%3a%2f%2fwww.ipd.com%2fsharepoint.aspx%3fTabId%3d2110 _zView the summary report at www1.ipd.com |
| 942 | _n0 | ||
| 999 |
_c83899 _d83899 |
||